Global Legal Pluralism (Record no. 1158024)
[ view plain ]
| 000 -LEADER | |
|---|---|
| fixed length control field | 01012nam a2200289Ia 4500 |
| 001 - CONTROL NUMBER | |
| control field | vtls001749969 |
| 003 - CONTROL NUMBER IDENTIFIER | |
| control field | NLI |
| 005 - DATE AND TIME OF LATEST TRANSACTION | |
| control field | 20210628161439.0 |
| 008 - FIXED-LENGTH DATA ELEMENTS--GENERAL INFORMATION | |
| fixed length control field | 130612s2012 enk s 001 0 eng |
| 020 ## - INTERNATIONAL STANDARD BOOK NUMBER | |
| International Standard Book Number | 9781139028615 (ebook) |
| 039 #9 - LEVEL OF BIBLIOGRAPHIC CONTROL AND CODING DETAIL [OBSOLETE] | |
| -- | 201306121933 |
| -- | gopag |
| 040 ## - CATALOGING SOURCE | |
| Original cataloging agency | NLI \b eng |
| 041 0# - LANGUAGE CODE | |
| Language code of text/sound track or separate title | eng |
| 044 ## - COUNTRY OF PUBLISHING/PRODUCING ENTITY CODE | |
| MARC country code | enk |
| 100 1# - MAIN ENTRY--PERSONAL NAME | |
| Personal name | Berman, Paul Schiff. |
| 9 (RLIN) | 1125825 |
| 245 10 - TITLE STATEMENT | |
| Title | Global Legal Pluralism |
| Medium | [electronic resource] : |
| Remainder of title | A Jurisprudence of Law Beyond Borders / |
| Statement of responsibility, etc. | Paul Schiff Berman. |
| 260 ## - PUBLICATION, DISTRIBUTION, ETC. | |
| Place of publication, distribution, etc. | Cambridge : |
| Name of publisher, distributor, etc. | The University Press, |
| Date of publication, distribution, etc. | 2012 |
| 300 ## - PHYSICAL DESCRIPTION | |
| Extent | 1 online resource (356 p.) |
| 504 ## - BIBLIOGRAPHY, ETC. NOTE | |
| Bibliography, etc. note | Includes bibliographic references and index |
| 650 #0 - SUBJECT ADDED ENTRY--TOPICAL TERM | |
| Topical term or geographic name entry element | Legal polycentricity |
| 9 (RLIN) | 1124072 |
| 856 04 - ELECTRONIC LOCATION AND ACCESS | |
| Uniform Resource Identifier | <a href="http://dx.doi.org/10.1017/CBO9781139028615">http://dx.doi.org/10.1017/CBO9781139028615</a> |
| 887 ## - NON-MARC INFORMATION FIELD | |
| Content of non-MARC field | Gopa |
| 904 ## - LOCAL DATA ELEMENT D, LDD (RLIN) | |
| a | Gopa |
| 949 ## - LOCAL PROCESSING INFORMATION (OCLC) | |
| -- | VIRTUAITEM |
| -- | 10000 |
| -- | 206 |
| 6 | EBK000008512ENG |
| e | EBK8512 |
| 942 ## - ADDED ENTRY ELEMENTS (KOHA) | |
| Source of classification or shelving scheme | Dewey Decimal Classification |
| Koha item type | Books |
| Withdrawn status | Lost status | Damaged status | Not for loan | Home library | Current library | Date acquired | Total Checkouts | Barcode | Date last seen | Price effective from | Koha item type |
|---|---|---|---|---|---|---|---|---|---|---|---|
| National Library of India | National Library of India | EBK000008512ENG | 28/06/2021 | 28/06/2021 | Books |
